01241cam a2200313 a 450000100060000000300080000600500170001400800410003102000210007202000160009303500190010904000320012804100080016008200270016810000260019524500760022126000430029730000260034049000120036649000470037850400380042565000360046383000200049983000550051994200120057499900170058695201610060395201630076451740BD-RjUL20211209075715.0160901s2005 enk b 001 0 eng  a041524384-X(pbk) a041524384-1 a(BD-RjUL)51860 aDLCcDLCdDLCdBD-RjULbeng aeng00a302.2301223bMOM 20051 aMoores, Shaun915471410aMedia/theory :bthinking about media and communications /cShaun Moores aLondon ;aNew York :bRoutledge,c2005 axii, 212 p. ;c24 cm.0 aComedia0 aCritical voices in art, theory and culture aIncludes bibliography and index. 0aMass mediaxPhilosophy.9154715 aComedia9154721 aCritical voices in art, theory and culture9154722 2ddccBK c51740d51740 00102ddc40708NFICaRUCLbRUCLcStackd2010-09-20eDhaka, Paragon Enterprises Ltdg395.00l0o302.2301 MOM 2005r2016-09-01 00:00:00tC-2w2016-09-01yBK 00102ddc40718NFICaRUCLbRUCLcReadingd2010-09-20eDhaka, Paragon Enterprises Ltdg395.00l0o302.2301 MOM 2009r2016-12-10 00:00:00tC-1w2021-12-09yBK